<?xml version="1.0" encoding="UTF-8"?>
<collection xmlns="http://www.loc.gov/MARC21/slim">
 <record>
  <leader>01254nam a2200265 a 4500</leader>
  <controlfield tag="001">0020846</controlfield>
  <controlfield tag="003">BD-DhAAL</controlfield>
  <controlfield tag="008">100824s2005    enka          001 0 eng d </controlfield>
  <datafield tag="020" ind1=" " ind2=" ">
   <subfield code="a">9781905814176</subfield>
  </datafield>
  <datafield tag="020" ind1=" " ind2=" ">
   <subfield code="a">1904705367 (pbk.) :</subfield>
   <subfield code="c">L24.95 </subfield>
  </datafield>
  <datafield tag="040" ind1=" " ind2=" ">
   <subfield code="a">VCAV</subfield>
   <subfield code="b">eng</subfield>
   <subfield code="c">VCAV</subfield>
   <subfield code="d">BD-DhAAL</subfield>
  </datafield>
  <datafield tag="082" ind1="0" ind2="0">
   <subfield code="a">775</subfield>
   <subfield code="2">22 </subfield>
  </datafield>
  <datafield tag="100" ind1="1" ind2=" ">
   <subfield code="a">Freeman, Michael,</subfield>
   <subfield code="d">1945- </subfield>
   <subfield code="9">32368</subfield>
  </datafield>
  <datafield tag="245" ind1="1" ind2="4">
   <subfield code="a">The digital SLR handbook /</subfield>
   <subfield code="c">Michael Freeman. </subfield>
  </datafield>
  <datafield tag="260" ind1=" " ind2=" ">
   <subfield code="a">Lewes, East Sussex :</subfield>
   <subfield code="b">ILEX,</subfield>
   <subfield code="c">2007. </subfield>
  </datafield>
  <datafield tag="300" ind1=" " ind2=" ">
   <subfield code="a">256 p. :</subfield>
   <subfield code="b">col. ill. ;</subfield>
   <subfield code="c">26 cm</subfield>
  </datafield>
  <datafield tag="500" ind1=" " ind2=" ">
   <subfield code="a">Includes index.</subfield>
  </datafield>
  <datafield tag="526" ind1=" " ind2=" ">
   <subfield code="a">ARC</subfield>
   <subfield code="x">Fuad H. Mallick, PhD
Professor and Dean
School of Architecture and Design
BRAC University</subfield>
  </datafield>
  <datafield tag="541" ind1="1" ind2=" ">
   <subfield code="e">0020846</subfield>
   <subfield code="a">Essence Science Publications</subfield>
  </datafield>
  <datafield tag="650" ind1=" " ind2="0">
   <subfield code="a">Single-lens reflex cameras</subfield>
   <subfield code="v">Handbooks, manuals, etc. </subfield>
   <subfield code="9">32369</subfield>
  </datafield>
  <datafield tag="650" ind1=" " ind2="0">
   <subfield code="a">Photography</subfield>
   <subfield code="x">Digital techniques</subfield>
   <subfield code="x">Handbooks, manuals, etc. </subfield>
   <subfield code="9">32370</subfield>
  </datafield>
  <datafield tag="852" ind1="4" ind2=" ">
   <subfield code="a">Ayesha Abed Library </subfield>
   <subfield code="c">General Stacks</subfield>
  </datafield>
  <datafield tag="942" ind1=" " ind2=" ">
   <subfield code="2">ddc</subfield>
   <subfield code="c">BK</subfield>
  </datafield>
  <datafield tag="999" ind1=" " ind2=" ">
   <subfield code="c">9521</subfield>
   <subfield code="d">9521</subfield>
  </datafield>
  <datafield tag="952" ind1=" " ind2=" ">
   <subfield code="0">0</subfield>
   <subfield code="1">0</subfield>
   <subfield code="2">ddc</subfield>
   <subfield code="4">0</subfield>
   <subfield code="6">775_FRE_200700000000000</subfield>
   <subfield code="7">0</subfield>
   <subfield code="9">11989</subfield>
   <subfield code="a">BRACUL</subfield>
   <subfield code="b">BRACUL</subfield>
   <subfield code="c">GEN</subfield>
   <subfield code="d">2010-09-22</subfield>
   <subfield code="e">Essence Science Publications</subfield>
   <subfield code="g">3200.00</subfield>
   <subfield code="l">13</subfield>
   <subfield code="m">86</subfield>
   <subfield code="o">775 FRE</subfield>
   <subfield code="p">3010020846</subfield>
   <subfield code="r">2024-04-22</subfield>
   <subfield code="s">2024-02-20</subfield>
   <subfield code="t">1</subfield>
   <subfield code="v">6400.00</subfield>
   <subfield code="w">2010-09-22</subfield>
   <subfield code="y">BK</subfield>
   <subfield code="x">Requisitioned by Fuad H. Mallick, Professor and Dean, School of Architecture and Design, BRAC University</subfield>
  </datafield>
 </record>
</collection>
